000 00324nab a22001097u 4500
008 130520b1991 xxu||||| |||| 00| 0 spa d
041 _aspa
100 1 _aSchotsmans, Paul T.
_912221
245 0 0 _aLa vida como con-clu-sión
_cPaul T. Schotsmans
773 0 _tConcilium
_gV.1,1991,págs.413-428
_x0210-1041
_wRev134
942 _cAR
999 _c355629
_d355629